| 000 | 00719cab a2200229 4500 | ||
|---|---|---|---|
| 001 | ABS47674 | ||
| 008 | 090401t1992 xxu||||| |||| 00| 0 eng d | ||
| 035 | _a(Sirsi) u62979 | ||
| 041 | _aeng | ||
| 100 | _aPitticas, N. | ||
| 245 | _aScotland the brave - leaping from land registration to land information | ||
| 260 | _c1992 | ||
| 350 | _a0 | ||
| 490 |
_aSurveying World _v1(1) November 1992, 31-33(3) |
||
| 520 | _aAn overview of the Scottish land registration system which was initially established in 1617 and the recent developments to the system. | ||
| 650 | _aLAND REGISTRATION | ||
| 650 | _aLAND VALUE INFORMATION UNIT | ||
| 650 | _aSCOTLAND | ||
| 690 | _aLAND | ||
| 942 | _n0 | ||
| 948 | _c04/03/1997 | ||
| 999 |
_c39139 _d39139 |
||